Word Ladder: Harold Wilson Quote Quiz Stats

 Plays Quiz Updated Oct 23, 2017

Challenge
Share
Tweet
Embed
Score 0/26 Timer 03:00
0 Plays Today
Clue 4-Letter Word % Correct
Place of employmentWORK
98.1%
Green citrus fruitLIME
97.9%
Breathing organLUNG
97.8%
QueueLINE
96.5%
SoloLONE
95.9%
A ___ is a [rung 9] [13] in [21][26] - OR - Seven days• WEEK •
95.6%
Part in a playROLE
95.6%
Donned (clothing)WORE
95%
CavityHOLE
94.7%
A [1] is a ___ [13] in [21][26]
- OR - Extensive; protracted
• LONG •
94.6%
AbodeHOME
94.1%
German electro band: Kraft____WERK
93.8%
A [1] is a [9] ___ in [21][26]
- OR - It precedes zone or Warner
• TIME •
93%
Clue 4-Letter Word % Correct
___-polyROLY
92.8%
Large bookTOME
92.5%
Sacred; saintlyHOLY
92.5%
Traditional knowledgeLORE
92.3%
Attract; enticeLURE
91.8%
Crescent moon shapeLUNE
91.1%
ChoosePICK
91.1%
Acne scarPOCK
87.6%
11th US PresidentPOLK
86.7%
CheckmarkTICK
83.3%
A [1] is a [9] [13] in ___[26]
- OR - ___ sci: college subject, for short
• POLI •
75.5%
Hindu festival of colorsHOLI
74.6%
A [1] is a [9] [13] in [21]___
- OR - Involuntary movements
• TICS •
73.1%

Today's Daily Dose

You're not logged in!

Compare scores with friends on all Sporcle quizzes.
Join for Free
OR
Log In

You Might Also Like...

Show Comments

Extras

Top Quizzes Today


Score Distribution

Your Account Isn't Verified!

In order to create a playlist on Sporcle, you need to verify the email address you used during registration. Go to your Sporcle Settings to finish the process.

Report this User

Report this user for behavior that violates our Community Guidelines.

Details: